| Tag |
First Indicator |
Second Indicator |
Subfields |
| LEADER |
00000cam a2200000Ii 4500 |
| 001 |
in00000033737 |
| 005 |
20151007063304.0 |
| 008 |
770902s1924 nyu 000 1 eng d |
| 019 |
|
|
|a 13260452
|
| 035 |
|
|
|a (OCoLC)ocm03236683
|
| 035 |
|
|
|a (OCoLC)03236683
|
| 035 |
|
|
|9 AAD7020AM
|
| 040 |
|
|
|a AZS
|c AZS
|d OCL
|d MNU
|d OCL
|d UtOrBLW
|
| 041 |
1 |
|
|a eng
|h dan
|
| 049 |
|
|
|a TXAM
|c [20796]
|
| 090 |
|
|
|a PT8175.A5
|b V513 1924
|
| 100 |
1 |
|
|a Anker Larsen, J.
|q (Johannes),
|d 1874-1957.
|
| 245 |
1 |
4 |
|a The philosopher's stone /
|c by J. Anker-Larsen ; translated from the Danish by Arthur G. Chater.
|
| 264 |
|
1 |
|a New York :
|b A.A. Knopf,
|c t.p. 1925.
|
| 264 |
|
4 |
|c ©1924
|
| 300 |
|
|
|a 379 pages ;
|c 22 cm.
|
| 336 |
|
|
|a text
|b txt
|2 rdacontent
|
| 337 |
|
|
|a unmediated
|b n
|2 rdamedia
|
| 338 |
|
|
|a volume
|b nc
|2 rdacarrier
|
| 994 |
|
|
|a E0
|b TXA
|
| 999 |
|
|
|a MARS
|
| 999 |
f |
f |
|s 606d8cf0-9d70-3081-a614-b53436b2793a
|i b89ad3dd-aa09-3259-a58d-94177d1fcef8
|t 0
|
| 952 |
f |
f |
|p normal
|a Texas A&M University
|b College Station
|c Sterling C. Evans Library
|d Evans: Library Stacks
|t 0
|e PT8175.A5 V513 1924
|h Library of Congress classification
|i unmediated -- volume
|m A14801360874
|
| 998 |
f |
f |
|a PT8175.A5 V513 1924
|t 0
|l Evans: Library Stacks
|